| 000 | 00334nam a2200121Ia 4500 | ||
|---|---|---|---|
| 008 | 220204s9999 xx 000 0 und d | ||
| 082 |
_a543.545 _bRIB |
||
| 100 | _aRibeiro, L | ||
| 245 | 0 | _aPaper electrophoresis: A review of methods and results | |
| 260 |
_aAmsterdam _bElsevier _c1961 |
||
| 650 | _aPaper electrophoresis | ||
| 942 | _cBK | ||
| 999 |
_c20596 _d20596 |
||